| 000 | 00801nam a2200265 a 4500 | ||
|---|---|---|---|
| 001 | BRCA_6624 | ||
| 005 | 20190321142937.0 | ||
| 008 | 061011s1965----it-a######---#000-0#ita-# | ||
| 041 | _aita | ||
| 044 | _ait | ||
| 050 | 4 | _b.Z36 1965 | |
| 100 | 1 |
_aZampetti, Pietro _916586 |
|
| 245 | 1 | 0 |
_aGian Antonio e Francesco Guardi _cPietro Zampetti. |
| 260 |
_aItalia _bEdizioni Alfieri Venezia _c1965 |
||
| 300 |
_a23 p. _bil. (algunas a color) _c20 cm. |
||
| 500 | _aDonación Dra. Elsa Barberena | ||
| 504 | _aBibliografía: p. 23 | ||
| 600 | 1 | 4 |
_aGuardi, Francesco _d1712-1793 _916587 |
| 600 | 1 | 4 |
_aGuardi, Gian Antonio _916588 |
| 650 | 1 | 4 |
_aPintura de paisajes _zItalia _916589 |
| 650 | 1 | 4 |
_aPintores de paisaje _zItalia _916590 |
| 650 | 1 | 4 |
_aPintores italianos _97654 |
| 902 | _aDEB | ||
| 942 |
_2lcc _cB |
||
| 999 |
_c6308 _d6308 |
||